Congrés de Mercats Municipals : Eines per fer front a la crisi : 3 de juny de 2013 : Espai Francesca Bonnemaison Barcelona 3 de juny de 2013 : Espai Francesca Bonnemaison Barcelona
Publicado:
Barcelona :
Ajuntament de Barcelona. Institut Municipal de Mercats : Diputació de Barcelona. Àrea de Desenvolupament Econòmic Local ,
2013
Descripción Física:
1 carpeta de cartolina DIN A-4
Idioma:
Catalán
MARC
| LEADER | 00000nam a22000007a 4500 | ||
|---|---|---|---|
| 001 | 25084 | ||
| 008 | 211229b spa||||| |||| 00| 0 cat d | ||
| 080 | |a NBM-12-29 | ||
| 245 | |a Congrés de Mercats Municipals : Eines per fer front a la crisi : |b 3 de juny de 2013 : Espai Francesca Bonnemaison Barcelona | ||
| 260 | |a Barcelona : |b Ajuntament de Barcelona. Institut Municipal de Mercats : |b Diputació de Barcelona. Àrea de Desenvolupament Econòmic Local ; |c 2013 | ||
| 300 | |a 1 carpeta de cartolina DIN A-4 | ||
| 500 | |a Carpeta buida | ||
| 650 | 0 | |9 44341 |a Mercats |x Barcelona (Província) |x Congressos | |
| 710 | 1 | |a Barcelona (Catalunya : Província). |b Gerència de Serveis de Comerç |9 54400 | |
| 710 | 1 | |a Barcelona (Catalunya). |b Ajuntament |9 50981 | |
| 942 | |2 udc |c ARXIU |n 1 | ||
| 952 | |0 0 |1 0 |4 0 |6 NBM1229 |7 1 |9 60921 |a Arxiu |b Arxiu |d 2021-12-29 |l 0 |o NBM-12-29 |p 25084 |r 2021-12-29 00:00:00 |w 2021-12-29 |y ARXIU | ||
| 999 | |c 81046 |d 81046 | ||